Largest Cities In Florida - Statistics

General Stats
  • This quiz has been taken 16 times
  • The average score is 13 of 25
Answer Stats
Rank Population City % Correct
4 275,690 Orlando
100%
3 376,345 Tampa
100%
1 878,907 Jacksonville
93%
2 451,214 Miami
93%
9 178,783 Fort Lauderdale
80%
15 130,790 Gainesville
80%
7 190,180 Tallahassee
80%
5 259,041 St. Petersburg
73%
17 114,015 Clearwater
67%
6 237,285 Hialeah
60%
22 108,365 West Palm Beach
53%
12 151,056 Hollywood
47%
19 112,913 Miami Gardens
47%
8 183,762 Port St. Lucie
47%
10 178,593 Cape Coral
40%
24 105,958 Lakeland
33%
11 168,260 Pembroke Pines
33%
21 108,855 Pompano Beach
33%
14 131,151 Coral Springs
27%
13 138,168 Miramar
27%
25 103,132 Davie
20%
20 110,271 Palm Bay
20%
23 107,855 Spring Hill
20%
18 113,279 Brandon
13%
16 119,205 Lehigh Acres
7%
No matching quizzes found
Score Distribution
Percent of People with Each Score
Percentile by Number Answered
Your Score History
You have not taken this quiz